| 000 | 00888nam a2200241Ia 4500 | ||
|---|---|---|---|
| 003 | OSt | ||
| 005 | 20220923222145.0 | ||
| 006 | a|||||r|||| 00| 0 | ||
| 007 | ta | ||
| 008 | 220922b |||||||| |||| 00| 0 hin d | ||
| 024 | _a203,485 | ||
| 037 | _cTextual | ||
| 040 |
_aARTS _cARTS _bhin |
||
| 041 |
_2hin _ahin |
||
| 082 | _aO157,3N12,61, 152M7-;1 | ||
| 100 |
_aमित्र, विमल; मुखर्जी, विश्वनाथ, अनु. _9166141 |
||
| 245 | 0 | _aनसीबः अपना-अपना | |
| 246 | _aNasībah apanā-apanā | ||
| 260 |
_aवाराणसी _b विश्वविद्यालय प्रका0 _c1987 |
||
| 300 |
_a124पृ. _ccm. |
||
| 942 |
_hO157,3N12,61, 152M7-;1 _cTEXL _2CC |
||
| 999 |
_c354237 _d354237 |
||